Los Accidentes del trabajo en la Agricultura / E. Ferrer Casagemas
Descripción Física:
27 p. ; 24 cm
MARC
| LEADER | 00000nam a2200000Ia 4500 | ||
|---|---|---|---|
| 001 | 2224 | ||
| 008 | 160829s1931 xx 000 0 cat d | ||
| 080 | |a RF-5-5 | ||
| 100 | |a Ferrer Casagemas, E. |9 32848 | ||
| 245 | |a Los Accidentes del trabajo en la Agricultura / E. Ferrer Casagemas | ||
| 260 | |a Barcelona : |b (Imp. de la Casa P. de Caridad), |c 1931 | ||
| 300 | |a 27 p. ; |c 24 cm | ||
| 590 | |a Després del títol: A las Diputaciones Provinciales de España | ||
| 650 | |a Agricultura |x Accidents |9 32849 | ||
| 650 | 0 | |a Treball |x Accidents |9 48056 | |
| 856 | 4 | |u https://media.diba.cat/diba/fitxers/arxiu/fulletons/bib_2224_1931_baixa.pdf |y Accés lliure | |
| 856 | 4 | |u https://media.diba.cat/diba/fitxers/arxiu/fulletons/bib_2224_1931_baixa.pdf |y Accés lliure | |
| 901 | |a Arxiu | ||
| 942 | |n 1 |2 udc | ||
| 952 | |0 0 |1 0 |4 0 |6 RF55 |7 1 |9 46123 |a Arxiu |b Arxiu |d 2016-12-01 |l 0 |o RF-5-5 |p 2224 |r 2016-12-01 00:00:00 |w 2016-12-01 |y ARXIU | ||
| 999 | |c 49625 |d 49625 | ||
| 900 | |a bib_2224_1931_baixa.pdf | ||